Web of Violence (Record no. 9468)

MARC details
000 -LEADER
fixed length control field 00579nam a2200229 a 4500
020 ## - INTERNATIONAL STANDARD BOOK NUMBER
ISBN 0252611
082 00 - DEWEY DECIMAL CLASSIFICATION NUMBER
Classification number 303.6
Author Cutter TUR
100 ## - MAIN ENTRY--AUTHOR NAME
Author name Turpin, Jennifer
245 ## - TITLE STATEMENT
Title Web of Violence
Sub title from Interpersonal to Global/
260 ## - PUBLICATION, DISTRIBUTION, ETC. (IMPRINT)
Place of publication America
Name of publisher University of Illinois Press
Year of publication 1997
300 ## - PHYSICAL DESCRIPTION
Number of Pages 244p
500 ## - GENERAL NOTE
General note includes index and biblioraphy
505 2# - FORMATTED CONTENTS NOTE
Formatted contents note Index
650 ## - SUBJECT ADDED ENTRY--TOPICAL TERM
Topical Term Violence
942 ## - ADDED ENTRY ELEMENTS (KOHA)
Koha item type Books
Holdings
Collection code Home library Current library Date acquired Cost, normal purchase price Full call number Accession Number Koha item type
  Henry Martyn Institute Library Henry Martyn Institute Library 03/20/2007 752.00 303.6 TUR 019893 Books
                   Copyright © 2026 | Henry Martyn Institute | Hyderabad | TS-500052 | INDIA | Implemented by hmi.edu.in
Hit-Count:

Powered by Koha